Zariadenie a spôsob na odstraňovanie usadenín z nádrže

Bibliographic Details
Corporate Author: NUKEM Technologies GmbH (Alzenau, Nemecko) (Patent holder)
Other Authors: Christ, Bernhard (Originator), Witing, Holger (Originator), Rieck, Ronald (Originator)
Format: Book
Language:Slovak
PhysicalDescription:16 s. obr. 30 cm
Published: [Banská Bystrica] Úrad priemyselného vlastníctva SR [2010]
Subjects:

MARC

LEADER 00000cam a2200000 a 4500
001 vtls010079076
003 SK-MaSNL
005 20260331210049.0
008 251120s2010 xo a j f000 0 slo
013 |a 287225  |b gw  |c patent  |d 20100308  |e dátum nadobudnutia účinkov patentu (Vestník ÚPV SR č.: 3/2010)  |d 20100303  |e dátum sprístupnenia patentu 
013 |a 22-2005  |e číslo prihlášky  |d 20050225  |e dátum podania prihlášky  |d 20060707  |e dátum zverejnenia prihlášky (Vestník ÚPV SR č.: 7/2006) 
013 |a 10 2004 010 157.4, 10 2004 013 304.2  |e číslo prioritnej prihlášky  |d 20040227, 20040318  |e dátum podania prioritnej prihlášky  |b DE, DE  |e kód krajiny prioritnej prihlášky 
015 |a SNBN2014 
040 |a SNK  |b slo  |c SNK  |e AACR2 
041 0 |a slo 
044 |a xo  |c SK 
072 7 |a 621  |x Strojárstvo  |2 konspekt 
072 7 |a 628  |x Sanitárna technika. Vodárenstvo. Odpadové hospodárstvo. Svetelná technika  |2 konspekt 
080 |a 628.3/.5  |2 2001 
080 |a 628.334.5  |2 2001 
080 |a 621.642.34/.39  |2 2001 
084 |a B08B 9/08  |2 IPC 
100 1 |a Christ, Bernhard  |4 org  |9 480086 
245 1 0 |a Zariadenie a spôsob na odstraňovanie usadenín z nádrže  |c Bernhard Christ, Holger Witing, Ronald Rieck ; patent. zást. Zuzana Hörmannová 
260 |a [Banská Bystrica]  |b Úrad priemyselného vlastníctva SR  |c [2010] 
300 |a 16 s.  |b obr.  |c 30 cm 
650 0 7 |a odpadové hospodárstvo  |2 SNKPH  |9 3603 
650 0 7 |a Waste management  |2 SNKPHeng  |9 267224 
650 0 7 |a sedimentačné nádrže  |2 SNKPH  |9 407210 
650 0 7 |a Settling basins  |2 SNKPHeng  |9 407211 
650 0 7 |a nádrže  |2 SNKPH  |9 51283 
650 0 7 |a Tanks  |2 SNKPHeng  |9 310068 
655 7 |a patenty  |2 SNKPH  |9 177343 
655 7 |a patent licenses  |2 SNKPHeng  |9 303430 
700 1 |a Witing, Holger  |4 org  |9 480087 
700 1 |a Rieck, Ronald  |4 org  |9 480088 
700 1 |a Hörmannová, Zuzana  |4 oth  |9 303433 
710 2 |a NUKEM Technologies GmbH (Alzenau, Nemecko)  |4 pth  |9 480089 
852 |a Štátna vedecká knižnica v Banskej Bystrici 
999 |c 747060  |d 748990 
952 |a SNK  |b SNK  |y PREZ  |7 0  |p 17A1132306  |o snkSK 287225  |i snk2014/26606  |8 0  |0 0  |1 0  |4 0  |d 2014-12-02  |l 0  |r 2026-02-23 23:19:55  |w 2026-02-23